[Event "ICS rated blitz match"]
[Site "207.99.83.227"]
[Date "1999.05.06"]
[Round "?"]
[White "Hossa"]
[Black "JudgeTurpin"]
[Result "0-1"]
[WhiteElo "2369"]
[BlackElo "2646"]
[Annotator "Crafty v16.6"]
[PlyCount "135"]

{annotating for player ossa using a scoring margin of +0.20 pawns. search time
limit is 20.00} 1. e4 1... e5 2. f4 exf4 3. Nf3 d5 4. exd5 Nf6 5. c4 c6 6. dxc6
Nxc6 7. d4 Bb4+ 8. Nc3 Ne4 9. Bd2 Bxc3 10. bxc3 Qd6 11. Be2 ({9:-0.42} 11. Be2
11... O-O 12. O-O Re8 13. c5 Qe6 14. Re1 Nxd2 15. Qxd2 15... Qe4 $15) ({9:+0.17
} 11. Qe2 11... Bf5 12. Ng5 O-O 13. Nxe4 Bxe4 14. d5 Rae8 15. dxc6 15... Bxg2
$10) 11... Qe7 12. O-O Nxd2 13. Qxd2 Qe3+ 14. Kh1 O-O 15. Bd3 Qxd2 16. Nxd2 g5
17. Ne4 h6 18. Rae1 Bf5 19. Nf6+ Kg7 20. Bxf5 Kxf6 21. Be4 Rfe8 22. g3 Re7 23.
Bd5 Rae8 24. Rxe7 Rxe7 25. gxf4 g4 26. a4 Na5 27. Rb1 Rc7 28. Rb5 Nxc4 29. Rxb7
Rxb7 30. Bxb7 Ne3 31. Be4 Nd1 32. Kg2 Nxc3 33. Bd3 a5 34. Kg3 Nxa4 35. Kxg4 Nc3
36. Bc4 a4 37. Kh5 a3 38. Kxh6 a2 39. Bxa2 Nxa2 40. d5 Nc3 41. d6 Nd5 42. d7
Ke7 43. Kg5 Kxd7 44. Kf5 Ke7 45. Ke5 Nc3 46. h4 f6+ 47. Kf5 Kf7 48. Kg4 Ke6 49.
h5 Ne4 50. Kf3 f5 51. Ke3 Nf6 52. h6 Ng4+ 53. Kf3 Nxh6 54. Kg3 Kd5 55. Kf3 Ng4
56. Kg3 Ke4 57. Kh4 Kxf4 58. Kh5 Kg3 59. Kg6 f4 60. Kf7 f3 61. Ke7 f2 62. Kd6
Kf3 63. Kc6 Ne3 64. Kb5 Ke4 65. Ka6 f1=Q+ 66. Kb7 Qb5+ 67. Kc7 Nd5+ 68. Kd6 0-1

[Event "ICS rated blitz match"]
[Site "207.99.83.227"]
[Date "1999.05.06"]
[Round "?"]
[White "Schnitzer"]
[Black "Hossa"]
[Result "0-1"]
[WhiteElo "2204"]
[BlackElo "2364"]
[PlyCount "146"]

1. c4 g6 2. Nc3 e5 3. g3 Bb4 4. Nf3 Nc6 5. d3 Nf6 6. Bd2 O-O 7. Bg2 d6 8. O-O
Ng4 9. h3 Nf6 10. Bh6 Re8 11. Qb3 Bc5 12. Bg5 Nb8 13. Nd2 Nbd7 14. Nde4 Bb6 15.
Qa4 Re6 16. Nd5 c6 17. Kh2 cxd5 18. cxd5 Re7 19. Nxf6+ Nxf6 20. Bxf6 Qe8 21.
Qa3 Rd7 22. Rac1 Qf8 23. Qa4 Rb8 24. Rc2 Bc5 25. b4 Bb6 26. e3 a6 27. Rfc1 Ba7
28. b5 Bb6 29. Rc3 axb5 30. Qxb5 Bc5 31. Bxe5 f6 32. Rxc5 fxe5 33. R5c4 Rf7 34.
f3 Bd7 35. Qb2 Qh6 36. Qd2 Rbf8 37. Rc7 b5 38. R1c2 Be8 39. Rc8 Bd7 40. Rxf8+
Rxf8 41. Rc7 Rf7 42. Qc3 Be8 43. Rc8 Rf8 44. e4 Bd7 45. Rc7 Qg7 46. a3 g5 47.
Qa5 Rf7 48. Qa8+ Qf8 49. Qxf8+ Kxf8 50. h4 gxh4 51. gxh4 h6 52. Bh3 Be8 53.
Rxf7+ Kxf7 54. Be6+ Ke7 55. Kg3 Bh5 56. Bg4 Bg6 57. h5 Bf7 58. Bf5 Bxh5 59. Bg4
Be8 60. Bh3 h5 61. f4 Kf6 62. fxe5+ Kxe5 63. Kf3 Kd4 64. Ke2 Bf7 65. Bg2 Be8
66. Bf3 h4 67. Bg2 Bd7 68. Bh1 Bc8 69. Kd2 Bh3 70. Kc2 Bf1 71. Kb3 Bxd3 72. Kb4
Bxe4 73. Kxb5 73... Bxh1 {Schnitzer resigns} 0-1

[Event "ICS rated blitz match"]
[Site "207.99.83.227"]
[Date "1999.05.06"]
[Round "?"]
[White "champion-10"]
[Black "Hossa"]
[Result "0-1"]
[WhiteElo "2111"]
[BlackElo "2367"]
[Annotator "Fritz 5.32 (10s)"]
[PlyCount "14"]

1. e4 e5 2. Nf3 Nf6 3. Nc3 Bb4 4. Nxe5 Qe7 5. Nd3 Bxc3 (5... Nxe4 $2 {
ist ein Schlag ins Wasser} 6. Nd5 Nxf2+ 7. Nxe7 Nxd1 8. Nxb4 Kxe7 9. Kxd1 $18)
6. dxc3 Qxe4+ 7. Be2 Qxg2 (7... Qxg2 8. Bf3 8... Qh3 $15) 0-1

[Event "ICS rated blitz match"]
[Site "207.99.83.227"]
[Date "1999.05.06"]
[Round "?"]
[White "Hossa"]
[Black "MarkOrr"]
[Result "1-0"]
[WhiteElo "2373"]
[BlackElo "2154"]
[PlyCount "43"]

1. e4 c6 2. Nf3 d5 3. exd5 cxd5 4. d4 Nc6 5. h3 Bf5 6. Bd2 e6 7. Bb5 Bd6 8. O-O
h6 9. c4 Nge7 10. c5 Bc7 11. Nc3 O-O 12. Qe2 Bh7 13. Rae1 Nf5 14. Be3 Nh4 15.
Nxh4 Qxh4 16. Qg4 Qxg4 17. hxg4 a6 18. Be2 b6 19. Na4 Rfe8 20. cxb6 Bd6 21. Rc1
Na5 22. Rfd1 {MarkOrr resigns} 1-0

[Event "ICS rated blitz match"]
[Site "207.99.83.227"]
[Date "1999.05.06"]
[Round "?"]
[White "Pepperman"]
[Black "Hossa"]
[Result "0-1"]
[WhiteElo "1989"]
[BlackElo "2380"]
[PlyCount "64"]

1. e4 e5 2. d4 exd4 3. Qxd4 Nc6 4. Qe3 Nf6 5. Nc3 Be7 6. Bd2 d5 7. exd5 Nxd5 8.
Qg3 Ncb4 9. Rc1 O-O 10. a3 Re8 11. Be2 Bh4 12. Qf3 Nxc3 13. Bxc3 Bg5 14. Qg3 g6
15. axb4 Bxc1 16. Kf1 Bf5 17. h4 Bxc2 18. h5 Qd6 19. hxg6 Bxg6 20. Qxd6 cxd6
21. Nf3 d5 22. Nh4 Be4 23. f3 Bc2 24. g4 Rad8 25. Bd4 Be3 26. Bf6 Rd6 27. g5 h6
28. Bb5 Ree6 29. Bc3 d4 30. Be1 Bxg5 31. Bc4 Rxe1+ 32. Kxe1 32... d3 {
Pepperman resigns} 0-1

[Event "ICS rated blitz match"]
[Site "207.99.83.227"]
[Date "1999.05.06"]
[Round "?"]
[White "Hossa"]
[Black "JudgeTurpin"]
[Result "0-1"]
[WhiteElo "2354"]
[BlackElo "2644"]
[Annotator "Crafty v16.6"]
[PlyCount "125"]

{annotating for player ossa using a scoring margin of +0.20 pawns. search time
limit is 20.00} 1. e4 1... g6 2. Nf3 d6 3. Nc3 c6 4. d4 Bg7 5. Bg5 Qb6 6. Rb1
h6 7. Be3 Nf6 8. Bd3 ({9:-0.11} 8. Bd3 8... Ng4 9. Qe2 Nxe3 10. Qxe3 Bg4 11.
O-O Bxf3 12. Qxf3 Qxd4 13. Rbd1 $10) ({9:+0.52} 8. Be2 8... Ng4 9. Bd2 O-O 10.
h3 Nf6 11. O-O Qd8 12. Bc4 $14) 8... O-O 9. O-O Ng4 10. Qe2 ({9:-0.21} 10. Qe2
10... Nxe3 11. Qxe3 Bg4 12. Ne2 Bxf3 13. Qxf3 Bxd4 14. c3 Bg7 15. Qf4 $10) ({
9:+0.49} 10. Bd2 10... Qd8 11. Qc1 g5 12. Qe1 Nd7 13. h3 13... Ngf6 $14) 10...
e5 11. d5 Nxe3 12. fxe3 Kh7 13. Bc4 Qc7 14. Rbe1 b5 15. Bd3 b4 16. Nd1 Bb7 17.
c4 Nd7 18. Nf2 Nc5 19. Qd2 a5 20. Bc2 Rae8 21. dxc6 Qxc6 22. Rd1 Rd8 23. Qe2
Qc7 24. Nd2 a4 25. Nd3 Qa5 26. Bb1 Qb6 27. Kh1 h5 28. b3 a3 29. Nf2 Bh6 30. Nf3
Ne6 31. Rde1 Rg8 32. Qd2 Bc6 33. Nd3 Rb8 34. Nfxe5 dxe5 35. Rxf7+ Rg7 36. Nxe5
Rxf7 37. Nxf7 Qc7 38. Nxh6 Kxh6 39. Rf1 Qe5 40. Qd3 Rd8 41. Qe2 Qb2 42. Qe1 Qd2
43. Qg3 Qe2 44. Qf3 Rd2 45. Kg1 Qxf3 46. gxf3 Ng5 47. h4 Nh3+ 48. Kh1 Nf2+ 49.
Kg1 Nd1 50. Re1 Nc3 51. e5 Bxf3 52. e6 Kg7 53. e7 Rg2+ 54. Kf1 Kf7 55. Rc1 Nxb1
56. Rxb1 Kxe7 57. Ra1 Rh2 58. e4 Rh1+ 59. Kf2 Rxa1 60. Kxf3 Rxa2 61. Kf4 Rb2
62. Kg5 Rxb3 63. Kxg6 0-1

[Event "ICS rated blitz match"]
[Site "207.99.83.227"]
[Date "1999.05.06"]
[Round "?"]
[White "Hossa"]
[Black "JudgeTurpin"]
[Result "0-1"]
[WhiteElo "2349"]
[BlackElo "2649"]
[Annotator "Crafty v16.6"]
[PlyCount "111"]

{annotating for player ossa using a scoring margin of +0.20 pawns. search time
limit is 20.00} 1. e4 1... e5 2. f4 exf4 3. Nf3 d5 4. exd5 Nf6 5. c4 c6 6. dxc6
Nxc6 7. d4 Bb4+ 8. Nc3 Ne4 9. Bd2 Bxc3 10. bxc3 Qd6 11. Qe2 f5 12. Ng5 Qg6 13.
Nh3 O-O 14. O-O-O Na5 15. Nxf4 Qf7 16. Kb2 Re8 17. Re1 Nd6 18. Qh5 Naxc4+ 19.
Bxc4 Nxc4+ 20. Ka1 g6 21. Qd1 Bd7 22. h4 b5 23. h5 g5 24. Nd3 Qg7 25. h6 Qf6
26. Rxe8+ Rxe8 27. Bc1 Bc6 28. Rh2 f4 29. Qh5 Re7 30. Qg4 Bd7 31. Qf3 Bf5 32.
Nc5 Re1 33. Nb3 Be4 34. Qh5 Bg6 35. Qh3 Qf5 36. Qxf5 Bxf5 37. Rh5 Bc2 38. Rxg5+
Kf8 39. Rxb5 Bxb3 40. axb3 Rxc1+ 41. Ka2 Rc2+ 42. Ka1 Ne3 43. Rb7 Rxg2 44. Rxh7
f3 45. Rxa7 f2 46. Ra8+ Kf7 47. Ra7+ Kf6 48. Ra6+ Kg5 49. Ra5+ Kxh6 50. Ra6+
Kg5 51. Ra5+ Kf4 52. Ka2 Nc4 53. Rf5+ Kxf5 54. b4 f1=Q+ 55. Kb3 Nd2+ 56. Ka2
0-1

[Event "ICS rated blitz match"]
[Site "207.99.83.227"]
[Date "1999.05.06"]
[Round "?"]
[White "Hossa"]
[Black "JudgeTurpin"]
[Result "0-1"]
[WhiteElo "2344"]
[BlackElo "2654"]
[Annotator "Crafty v16.6"]
[PlyCount "85"]

{annotating for player ossa using a scoring margin of +0.20 pawns. search time
limit is 20.00} 1. e4 1... c6 2. Nf3 d5 3. exd5 cxd5 4. d4 Nc6 5. c3 Nf6 6. Bf4
Bf5 7. Be2 e6 8. Qb3 Qc8 9. O-O Nh5 10. Bg5 h6 11. Be3 Nf6 12. Nbd2 ({8:+0.23} 
12. Nbd2 12... Be7 13. Nh4 Bh7 14. c4 O-O 15. Qd1 15... Qd7 $10) ({8:+0.45} 12.
Nh4 12... Be4 13. Nd2 Be7 14. Qd1 O-O 15. Nxe4 Nxe4 16. Nf3 $14) 12... Bd6 13.
Nh4 Bh7 14. Rae1 Qc7 15. Nhf3 Ng4 16. h4 O-O 17. c4 Na5 18. Qb5 a6 19. Qa4 f5
20. Bd3 f4 21. Bxh7+ Kxh7 22. c5 Be7 23. Bxf4 Rxf4 24. Rxe6 Nc6 25. Rfe1 Nxf2
26. Rxe7 Nxe7 27. Kxf2 Nf5 28. Qb3 Nxd4 29. Qxd5 Raf8 30. Qd6 Qa5 31. Kg1 Nxf3+
32. gxf3 R4f6 33. Qh2 Rd8 34. Re2 Rg6+ 35. Kh1 Qxa2 36. Nf1 Qb1 37. Rf2 Rd2 38.
h5 Rg5 39. Qh4 Rxh5 40. Kg2 Rxh4 41. Rxd2 Qf5 42. Re2 Qxc5 43. b3 0-1

[Event "ICS Rated blitz match"]
[Site "207.99.83.227"]
[Date "1999.05.06"]
[Round "?"]
[White "Hossa"]
[Black "Mijko"]
[Result "0-1"]
[WhiteElo "2357"]
[BlackElo "2368"]
[Annotator "Crafty v16.6"]
[PlyCount "84"]

{annotating for player ossa using a scoring margin of +0.20 pawns. search time
limit is 20.00} 1. e4 1... c5 2. Bc4 Nc6 3. Nf3 e6 4. O-O Qc7 5. d4 cxd4 6.
Nxd4 Nf6 7. Nc3 a6 8. Bg5 ({8:+0.35} 8. Bg5 8... Nxd4 9. Qxd4 Bc5 10. Qd3 Ng4
11. g3 O-O 12. Rad1 $14) ({8:+0.67} 8. Nxc6 8... dxc6 9. Bg5 Be7 10. Qf3 O-O
11. Rad1 Qe5 12. Qf4 $14) 8... Bd6 9. f4 ({8:-4.00} 9. f4 9... Nxd4 10. Bd3 Bc5
11. Kh1 h6 12. Bh4 12... Ng8 $19) ({8:-0.10} 9. Bxf6 9... gxf6 10. Nxc6 Bxh2+
11. Kh1 Qxc6 12. Bxe6 fxe6 13. Qh5+ Kd8 14. Qxh2 14... Qc4 $10) 9... Nxd4 10.
e5 ({8:-4.52} 10. e5 10... Qxc4 11. exf6 g6 12. Qd3 Qxd3 13. cxd3 h6 14. Ne4
$19) ({8:-4.27} 10. b3 10... b5 11. e5 Bc5 12. exf6 Nxb3+ 13. Kh1 Nxa1 14. fxg7
14... Rg8 $19) 10... Qxc4 11. exf6 Nf5 12. fxg7 Rg8 13. Kh1 Rxg7 14. Rf3 b5 15.
Bf6 Rg6 16. Be5 Bxe5 17. fxe5 Bb7 18. Qf1 Bxf3 19. Qxf3 Qc6 20. Ne4 O-O-O 21.
a4 Nd4 22. axb5 Nxf3 23. bxc6 Nxe5 24. c7 Kxc7 25. Rxa6 Kb7 26. Nc5+ Kc7 27.
Ne4 d5 28. Nc5 d4 29. Nd3 Nxd3 30. cxd3 e5 31. Ra7+ Kb6 32. Rxf7 e4 33. dxe4 d3
34. Rf1 d2 35. Rd1 Rc6 36. Kg1 Rc1 37. Kf2 Rxd1 38. g4 Rf1+ 39. Kxf1 d1=Q+ 40.
Kf2 Rd3 41. Kg2 Qf3+ 42. Kg1 Rd1# 0-1

[Event "ICS rated blitz match"]
[Site "207.99.83.227"]
[Date "1999.05.06"]
[Round "?"]
[White "Hossa"]
[Black "JudgeTurpin"]
[Result "0-1"]
[WhiteElo "2342"]
[BlackElo "2628"]
[Annotator "Crafty v16.6"]
[PlyCount "77"]

{annotating for player ossa using a scoring margin of +0.20 pawns. search time
limit is 20.00} 1. e4 1... e5 2. f4 exf4 3. Nf3 g5 4. h4 g4 5. Ne5 Nf6 6. Bc4
d5 7. exd5 Bd6 8. Bb5+ ({8:-0.44} 8. Bb5+ 8... Bd7 9. Nxd7 Nbxd7 10. Qe2+ Qe7
11. Qxe7+ Bxe7 12. Nc3 O-O-O 13. Rf1 Ne5 14. Rxf4 Nxd5 15. Nxd5 15... Rxd5 $15)
({8:+0.72} 8. d4 8... c6 9. dxc6 Bxe5 10. dxe5 Qa5+ 11. Nc3 Qxe5+ 12. Qe2 Nxc6
13. Bxf4 $16) 8... Bd7 9. Nxd7 Nbxd7 10. O-O f3 11. gxf3 a6 12. Re1+ Be7 13.
Be2 Nxd5 14. fxg4 Bxh4 15. Bxa6+ Bxe1 16. Qxe1+ Qe7 17. Qxe7+ Nxe7 18. Bxb7 Ra7
19. Bf3 Ne5 20. Kf2 Rg8 21. Ke2 Nxf3 22. Kxf3 Ra6 23. d3 Rf6+ 24. Kg3 Rf1 25.
Bd2 Rg1+ 26. Kf3 R8xg4 27. Be1 Nd5 28. Ke2 Rf4 29. Nd2 Rg2+ 30. Kd1 Ne3+ 31.
Kc1 Rg1 32. Nf3 Rxf3 33. Kd2 Ng2 34. Rc1 Rff1 35. a4 Rxe1 36. Rxe1+ Rxe1 37. b3
h5 38. a5 h4 39. Kc3 0-1

[Event "ICS Rated blitz match"]
[Site "207.99.83.227"]
[Date "1999.05.07"]
[Round "?"]
[White "Hossa"]
[Black "JudgeTurpin"]
[Result "0-1"]
[WhiteElo "2337"]
[BlackElo "2633"]
[Annotator "Crafty v16.6"]
[PlyCount "110"]

{annotating for player ossa using a scoring margin of +0.20 pawns. search time
limit is 20.00} 1. e4 1... c5 2. Nf3 e6 3. b3 d5 4. exd5 exd5 5. Bb5+ Nc6 6.
O-O Qb6 7. Qe2+ Be6 8. Ng5 O-O-O 9. Nxe6 fxe6 10. Qxe6+ Kc7 11. Na3 Nd4 12.
Qxb6+ Kxb6 13. Bd3 Re8 14. c4 dxc4 15. Nxc4+ Kc6 16. Bb2 Nf6 17. Rfe1 Bd6 18.
b4 b6 19. Re3 Bf4 20. bxc5 bxc5 21. Rxe8 Rxe8 22. Rc1 h5 23. Bxd4 cxd4 24. Bg6
Re7 25. g3 Bd6 26. f4 Kd5 27. Kf1 Bb4 28. Rc2 h4 29. gxh4 Ne4 30. d3 Nc3 31.
Kg2 Bd6 32. f5 Re1 33. Rf2 Be7 34. h5 Bg5 35. Rb2 Ra1 36. Bf7+ Kc5 37. Na5 Rd1
38. Nb3+ Kd6 39. Nxd4 Rxd3 40. Ne6 Bh6 41. Rb7 a5 42. Ra7 Rd5 43. Bg6 Rd2+ 44.
Kg3 Rxa2 45. Nxg7 Ne4+ 46. Kf3 Ng5+ 47. Kg4 Ke5 48. Kg3 Ne4+ 49. Kh4 Be3 50.
Rf7 Kf4 51. Ne6+ Kf3 52. Kh3 Rg2 53. Nd4+ Bxd4 54. Rf8 Nf2+ 55. Kh4 Rg4# 0-1

[Event "ICS rated blitz match"]
[Site "207.99.83.227"]
[Date "1999.05.07"]
[Round "?"]
[White "Hossa"]
[Black "JudgeTurpin"]
[Result "0-1"]
[WhiteElo "2332"]
[BlackElo "2638"]
[Annotator "Crafty v16.6"]
[PlyCount "85"]

{annotating for player ossa using a scoring margin of +0.20 pawns. search time
limit is 20.00} 1. e4 1... d6 2. d4 g6 3. Nf3 Bg7 4. Bb5+ c6 5. Be2 Nf6 6. Nc3
O-O 7. O-O Bg4 8. Bg5 Nbd7 9. Qd3 h6 10. Bf4 c5 11. d5 Nh5 12. Be3 Qb6 13. Rab1
Bxf3 14. Bxf3 Ne5 15. Qe2 Nxf3+ 16. Qxf3 Qa5 17. Qg4 b5 18. a3 Bxc3 19. bxc3
Qxc3 20. Bxh6 Rfe8 21. Qe2 a6 22. Rb3 Qh8 23. Qe3 e6 24. dxe6 Rxe6 25. f3 d5
26. Qd2 dxe4 27. fxe4 Rxe4 28. Rbf3 f5 29. Qd5+ Kh7 30. Be3 Qe8 31. Bxc5 Rd8
32. Qb7+ Kg8 33. Qxa6 Rd2 34. R3f2 Rxf2 35. Bxf2 Nf4 36. Qd6 Qa8 37. Qd2 Nxg2
38. Rb1 Nf4 39. Kf1 Rb4 40. Qxf4 Rxf4 41. Kg1 Qxa3 42. Rd1 Rg4+ 43. Kf1 0-1

[Event "ICS rated blitz match"]
[Site "207.99.83.227"]
[Date "1999.05.07"]
[Round "?"]
[White "Hossa"]
[Black "JudgeTurpin"]
[Result "0-1"]
[WhiteElo "2327"]
[BlackElo "2643"]
[Annotator "Crafty v16.6"]
[PlyCount "113"]

{annotating for player ossa using a scoring margin of +0.20 pawns. search time
limit is 20.00} 1. e4 1... e5 2. f4 exf4 3. Nf3 Be7 4. Nc3 Nf6 5. Be2 d5 6.
Nxd5 Nxd5 7. exd5 Bh4+ 8. Kf1 Bg5 9. Nxg5 Qxg5 10. Bb5+ Bd7 11. Qe2+ Kd8 12.
Bc4 Re8 13. Qf3 Bg4 14. Qc3 b5 15. Bxb5 Qe7 16. Kf2 a6 17. Bc4 Be2 18. d4 Bxc4
19. Qxc4 Qh4+ 20. g3 fxg3+ 21. hxg3 Qf6+ 22. Bf4 Ra7 23. Qc5 Rb7 24. d6 cxd6
25. Qxd6+ Qxd6 26. Bxd6 Nc6 27. d5 Nd4 28. Rab1 Re2+ 29. Kf1 Rxc2 30. Rxh7 f6
31. Rh8+ Kd7 32. Rb8 Rxb8 33. Bxb8 Rh2 34. Re1 Rxb2 35. Ba7 Nf5 36. Bf2 Rxa2
37. Rd1 a5 38. Rd3 a4 39. Bc5 Nd6 40. g4 Rc2 41. Ba3 Rc4 42. g5 fxg5 43. Bb2
Nf5 44. Be5 Re4 45. Bh2 Re3 46. Rd2 g4 47. Bg1 Rf3+ 48. Ke1 Kd6 49. Ba7 Rb3 50.
Kf1 a3 51. Bf2 Rb2 52. Rd1 a2 53. Ba7 Rb1 54. Bb8+ Rxb8 55. Ke2 Rb1 56. Rd2
a1=Q 57. Rd4 0-1

[Event "ICS rated blitz match"]
[Site "207.99.83.227"]
[Date "1999.05.07"]
[Round "?"]
[White "RedBear"]
[Black "Hossa"]
[Result "1-0"]
[WhiteElo "2489"]
[BlackElo "2323"]
[Annotator "Crafty v16.6"]
[PlyCount "98"]

{annotating for player ossa using a scoring margin of +0.20 pawns. search time
limit is 20.00} 1. e4 1... e5 2. Nf3 Nf6 3. Nxe5 d6 4. Nf3 Nxe4 5. d4 d5 6. Bd3
Bb4+ 7. c3 Bd6 8. Nbd2 Bf5 9. Qb3 Qe7 10. O-O Nxd2 ({9:-1.99} 10... Nxd2 11.
Bxd2 Bxd3 12. Rfe1 Nc6 13. Bg5 f6 14. Rxe7+ Nxe7 15. c4 fxg5 16. Qxd3 dxc4 17.
Qxc4 $18) ({9:-0.88} 10... c6 11. Re1 O-O 12. Nxe4 dxe4 13. Bg5 Bxh2+ 14. Kh1
Qd7 15. Bxe4 Bd6 16. Bxf5 Qxf5 17. Qxb7 $16) 11. Bxd2 Bxd3 12. Rfe1 Nc6 13.
Rxe7+ Nxe7 14. Ne5 Ba6 15. Qa4+ c6 16. Re1 O-O 17. Qc2 Rad8 18. h3 Rfe8 19. g3
f6 20. Nf3 Bc7 21. Nh4 Bc4 22. b3 Bb5 23. c4 dxc4 24. bxc4 Ba6 25. Bb4 Nc8 26.
Rxe8+ Rxe8 27. Nf5 Nb6 28. Ne7+ Kh8 29. Qe4 Rd8 30. c5 Na8 31. Nf5 Bc4 32. Qe7
Rg8 33. Bd2 Bd3 34. Nd6 Bg6 35. Nxb7 Rb8 36. Na5 Bxa5 37. Bxa5 Rb1+ 38. Kh2 Rb8
39. Qd6 Rc8 40. Qd7 Rf8 41. Qxc6 Bb1 42. Qb7 Bxa2 43. d5 h5 44. d6 Bg8 45. d7
Be6 46. d8=R Rxd8 47. Bxd8 Nb6 48. Bxb6 Bb3 49. Qa8+ Kh7 1-0

[Event "ICS rated blitz match"]
[Site "207.99.83.227"]
[Date "1999.05.07"]
[Round "?"]
[White "Hossa"]
[Black "nimraz"]
[Result "1-0"]
[WhiteElo "2314"]
[BlackElo "2195"]
[PlyCount "83"]

1. e4 c5 2. c3 g6 3. Nf3 Bg7 4. Be2 d6 5. Qa4+ Bd7 6. Qb3 Bc6 7. Bc4 e6 8. d3
Ne7 9. Bg5 O-O 10. O-O Nd7 11. Nbd2 b5 12. Bxb5 Rb8 13. Bxc6 Rxb3 14. axb3 f6
15. Bxd7 Qxd7 16. Be3 Nc6 17. d4 cxd4 18. Nxd4 Nxd4 19. Bxd4 Ra8 20. Ra6 e5 21.
Be3 d5 22. exd5 Qxd5 23. Rfa1 f5 24. R1a5 Qd3 25. Nf1 f4 26. Rxa7 Rxa7 27. Bxa7
Qc2 28. Rc5 Qxb3 29. Rc8+ Kf7 30. Rb8 Qa2 31. Rb7+ Kf6 32. b3 Kf5 33. Rxg7 h5
34. Rb7 g5 35. Bb8 Qa3 36. Rb5 h4 37. Bxe5 Kg6 38. Rb6+ Kf5 39. Bd4 g4 40. g3
h3 41. Rf6+ Kg5 42. gxf4+ {nimraz resigns} 1-0

[Event "ICS rated blitz match"]
[Site "207.99.83.227"]
[Date "1999.05.07"]
[Round "?"]
[White "Hossa"]
[Black "JudgeTurpin"]
[Result "1/2-1/2"]
[WhiteElo "2325"]
[BlackElo "2638"]
[PlyCount "177"]

1. e4 e5 2. f4 exf4 3. Nf3 g5 4. h4 g4 5. Ne5 Nf6 6. Bc4 d5 7. exd5 Bd6 8. Bb5+
Bd7 9. Nxd7 Nbxd7 10. O-O f3 11. gxf3 a6 12. Re1+ Be7 13. Ba4 gxf3 14. Qxf3 b5
15. Bb3 Rg8+ 16. Kf1 a5 17. Nc3 a4 18. d6 cxd6 19. Nd5 Ne5 20. Nxf6+ Bxf6 21.
Bd5 Qe7 22. Rxe5 Qxe5 23. Bxa8 Kd8 24. Qf2 h5 25. Bf3 Qf5 26. Ke1 Qxc2 27. Qb6+
Ke7 28. Qb7+ Kf8 29. Qb8+ Kg7 30. Qxd6 Re8+ 31. Kf1 Bxh4 32. Kg2 Re1 33. b3
Rxc1 34. Rxc1 Qxc1 35. Bxh5 Qe1 36. Qf4 f6 37. d4 axb3 38. axb3 Bg5 39. Qc7+
Kh6 40. Qh2 Qc3 41. Be2+ Kg6 42. Qh5+ Kg7 43. Qg4 Qc6+ 44. Kf2 Qd5 45. b4 Kf7
46. Bd3 Ke7 47. Bf5 Kf8 48. Qe4 Qa2+ 49. Kf3 Qb3+ 50. Qd3 Qxb4 51. Bd7 Qe1 52.
Bxb5 Qc1 53. Bd7 Kg7 54. Bf5 Qh1+ 55. Kf2 Bh4+ 56. Ke2 Qg2+ 57. Kd1 Bg5 58. d5
Qg1+ 59. Kc2 Qc5+ 60. Kb3 Qb6+ 61. Kc4 Be3 62. Qe4 Qa6+ 63. Kb3 Qb5+ 64. Kc2
Qc5+ 65. Kd3 Qa3+ 66. Ke2 Bb6 67. Qe6 Qb2+ 68. Kd3 Qb5+ 69. Kc3 Qc5+ 70. Kb3
Qb5+ 71. Kc2 Qa4+ 72. Kc3 Qd4+ 73. Kb3 Qe5 74. Qd7+ Kh6 75. Qh7+ Kg5 76. Qg6+
Kf4 77. Qg4+ Ke3 78. Qh3+ Kf2 79. Qd3 Kg1 80. d6 Bd8 81. d7 Kf2 82. Kc4 Qc7+
83. Kd5 Qe5+ 84. Kc6 Qc7+ 85. Kb5 Qa5+ 86. Kc6 Qc7+ 87. Kb5 Qa5+ 88. Kc6 Qc7+
89. Kb5 {Game drawn by repetition} 1/2-1/2

[Event "ICS rated blitz match"]
[Site "207.99.83.227"]
[Date "1999.05.07"]
[Round "?"]
[White "Hossa"]
[Black "JudgeTurpin"]
[Result "1/2-1/2"]
[WhiteElo "2336"]
[BlackElo "2627"]
[PlyCount "84"]

1. e4 c5 2. c3 Nf6 3. e5 Nd5 4. Nf3 Nc6 5. Bc4 Nb6 6. Bb5 a6 7. Be2 d6 8. d4
cxd4 9. cxd4 Bf5 10. O-O e6 11. Bg5 Qc7 12. Nc3 dxe5 13. dxe5 Nxe5 14. Rc1 Qd6
15. Nxe5 Qxe5 16. Re1 Qd6 17. Bf3 Rb8 18. Re2 Nc4 19. Qb3 h6 20. Nb5 axb5 21.
Qxb5+ Qd7 22. Qxf5 hxg5 23. Qxg5 Rc8 24. Rec2 Rc5 25. Qg4 Ne5 26. Rxc5 Bxc5 27.
Qxg7 Nxf3+ 28. gxf3 Bxf2+ 29. Kh1 Bd4 30. Qg3 Bxb2 31. Rb1 Qc6 32. h4 Bf6 33.
Qb8+ Bd8 34. Qxb7 Rxh4+ 35. Kg1 Qc5+ 36. Kf1 Qc4+ 37. Kg1 Qd4+ 38. Kf1 Qd3+ 39.
Kg1 Qe3+ 40. Kf1 Qd3+ 41. Kg1 Qe3+ 42. Kf1 42... Qd3+ {Game drawn by repetition
} 1/2-1/2

[Event "ICS rated blitz match"]
[Site "207.99.83.227"]
[Date "1999.05.07"]
[Round "?"]
[White "Hossa"]
[Black "JudgeTurpin"]
[Result "0-1"]
[WhiteElo "2347"]
[BlackElo "2616"]
[Annotator "Crafty v16.6"]
[PlyCount "93"]

{annotating for player ossa using a scoring margin of +0.20 pawns. search time
limit is 20.00} 1. e4 1... c5 2. c3 Nf6 3. e5 Nd5 4. Nf3 Nc6 5. Bc4 Nb6 6. Bb5
a6 7. Be2 d6 8. d4 cxd4 9. cxd4 Bf5 10. O-O e6 11. Bg5 Qc7 12. Nc3 dxe5 13.
dxe5 Nxe5 14. Rc1 Qd6 15. Nxe5 Qxe5 16. Re1 Qd6 17. Bf3 Rb8 18. Re2 Nc4 19. Qb3
h6 20. Nb5 axb5 21. Qxb5+ Qd7 22. Qxf5 hxg5 23. Qxg5 Rc8 24. Rec2 Rc5 25. Qg4
Ne5 26. Rxc5 Bxc5 27. Qxg7 Nxf3+ 28. gxf3 Bxf2+ 29. Kh1 Bd4 30. Qg3 Bxb2 31.
Rb1 Qc6 32. h4 Bf6 33. Qb8+ Bd8 34. Qxb7 Rxh4+ 35. Kg1 Qc5+ 36. Kf1 Qc4+ 37.
Kg1 Qd4+ 38. Kf1 Qd3+ 39. Kg1 Qg6+ 40. Kf2 Rh2+ 41. Ke3 Qg5+ 42. Kd4 Qd2+ 43.
Kc4 Qc2+ 44. Kb4 Qxb1+ 45. Kc4 Qxb7 46. f4 Qd5+ 47. Kb4 0-1

[Event "ICS rated blitz match"]
[Site "207.99.83.227"]
[Date "1999.05.07"]
[Round "?"]
[White "Hossa"]
[Black "JudgeTurpin"]
[Result "1-0"]
[WhiteElo "2341"]
[BlackElo "2622"]
[PlyCount "161"]

1. e4 e5 2. f4 exf4 3. Nf3 d5 4. Nc3 dxe4 5. Nxe4 Qe7 6. Qe2 Bg4 7. d4 Bxf3 8.
gxf3 Nc6 9. Bxf4 Nxd4 10. Qf2 O-O-O 11. O-O-O Qd7 12. Bg2 Qa4 13. Be3 Ne6 14.
Rxd8+ Nxd8 15. Nc3 Qa5 16. Rd1 Ne6 17. Rd5 c5 18. Bh3 Kb8 19. Qd2 Be7 20. Rd7
Ka8 21. Bxe6 fxe6 22. Bxc5 Bf6 23. Qd3 Ne7 24. Qb5 Qxb5 25. Nxb5 Nd5 26. Bxa7
Be5 27. h3 Nf4 28. h4 h5 29. Bc5 Ng6 30. Bf2 Kb8 31. Kb1 Kc8 32. Rf7 Rd8 33. a3
Rd1+ 34. Ka2 Rd5 35. a4 Rd2 36. Bb6 Rxc2 37. Bd4 Rd2 38. Bxe5 Nxe5 39. Rc7+ Kd8
40. Rxg7 Nxf3 41. Rxb7 Rh2 42. Ka3 Rxh4 43. b4 Ne5 44. a5 Rh3+ 45. Ka2 Nc6 46.
Na7 Nd4 47. b5 Rc3 48. a6 Rc4 49. Ka3 Rc5 50. Rh7 e5 51. Rxh5 Kc7 52. Rh6 Rc3+
53. Kb4 Rb3+ 54. Kc5 Kd7 55. Rd6+ Ke7 56. Nc6+ Nxc6 57. Rxc6 Ra3 58. Kd5 Kd7
59. Kxe5 Ra1 60. Rd6+ Kc8 61. Rg6 Kb8 62. Kd5 Rd1+ 63. Kc6 Rc1+ 64. Kb6 Rc8 65.
Ka5 Rc5 66. Rg8+ Ka7 67. Rg7+ Ka8 68. Kb4 Rh5 69. b6 Rh8 70. Kb5 Rd8 71. Rc7
Rg8 72. a7 Rg5+ 73. Rc5 Rxc5+ 74. Kxc5 Kb7 75. a8=Q+ Kxa8 76. Kc6 Kb8 77. b7
Ka7 78. Kc7 Ka6 79. b8=Q Ka5 80. Qb3 Ka6 81. Qb6# {JudgeTurpin checkmated} 1-0